Money, Banking, and the Economy / Sixth Edition (Record no. 5745)
[ view plain ]
| 000 -LEADER | |
|---|---|
| fixed length control field | 01556cam a22002294a 4500 |
| 005 - ΗΜΕΡΟΜΗΝΙΑ ΚΑΙ ΩΡΑ ΤΕΛΕΥΤΑΙΑΣ ΕΝΗΜΕΡΩΣΗΣ | |
| Πεδίο ελέγχου | 20250605164221.0 |
| 008 - FIXED-LENGTH DATA ELEMENTS--GENERAL INFORMATION | |
| Πεδίο ελέγχου σταθερού μήκους | 250528s ||||||||||||||||||||||||d |
| 035 ## - SYSTEM CONTROL NUMBER | |
| System control number | 20657 |
| 020 ## - ISBN | |
| ISBN | 393968480 |
| 040 ## - ΠΗΓΗ ΚΑΤΑΛΟΓΟΓΡΑΦΗΣΗΣ | |
| Φορέας πρωτότυπης καταλογογράφησης | MC Athens Campus Library |
| Γλώσσα καταλογογράφησης | Ελληνικά, Μοντέρνα (1453-) |
| Modifying agency | MC Athens Campus Library |
| Κανόνες περιγραφικής καταλογογράφησης | AACR2 |
| 245 1# - ΤΙΤΛΟΣ ΚΑΙ ΔΗΛΩΣΗ ΥΠΕΥΘΥΝΟΤΗΤΑΣ | |
| Τίτλος | Money, Banking, and the Economy / Sixth Edition |
| 250 ## - EDITION STATEMENT | |
| Edition statement | 6th |
| 260 ## - PUBLICATION, DISTRIBUTION, ETC. | |
| Name of publisher, distributor, etc. | W.W. Norton & Company, |
| Date of publication, distribution, etc. | 1995 |
| 300 ## - PHYSICAL DESCRIPTION | |
| Extent | 638 |
| 520 ## - SUMMARY, ETC. | |
| Summary, etc. | Preface, Finance - Institutions and Theory, Money, Stocks and Bonds and Financial Institutions, Financial Principles, Asset Markets, Interest Rates, The Depository Institutions Industry, Inside the Depository Institution, International Banking, The Failure of the Deposit-Insurance System, Financial Policy: Some Remaining Issues, Central Banking, The Supply of Money, The Measurement of Money, The Creation of Money, Bank Reserves and Related Measures, Money and National Income and the Price, The Determinants of Aggregate Expenditures, Aggregate Expenditures and the Interest Rate, Aggregate Expenditures and the Demand for Money, Aggregate Expenditures: The Complet Model, Inflation and Unemployment, The Quantity Theory and Monetarism and the Credit View, Monetary Policy, Targets and Instruments, The Impact of Monetary Policy, Alternative Monetary Standards, The International Monetary System, Future Directions for the International Monetary System, Glossary, Index. |
| 700 1# - ΠΡΟΣΘΕΤΗ ΑΝΑΓΡΑΦΗ--ΦΥΣΙΚΟ ΠΡΟΣΩΠΟ | |
| Personal name | Aliber Robert Z. |
| 9 (RLIN) | 6619 |
| 700 1# - ΠΡΟΣΘΕΤΗ ΑΝΑΓΡΑΦΗ--ΦΥΣΙΚΟ ΠΡΟΣΩΠΟ | |
| Personal name | Duesenberry James S |
| 9 (RLIN) | 6620 |
| 700 1# - ΠΡΟΣΘΕΤΗ ΑΝΑΓΡΑΦΗ--ΦΥΣΙΚΟ ΠΡΟΣΩΠΟ | |
| Personal name | Mayer Thomas |
| 9 (RLIN) | 6621 |
| 942 ## - ADDED ENTRY ELEMENTS (KOHA) | |
| Koha item type | Books |
| Τύπος τεκμηρίου | Βιβλιοθήκη | Τρέχουσα τοποθεσία | Barcode | Αριθμός εισαγωγής | Ημερομηνία απόκτησης | Ταξιθετικό σύμβολο | Αριθμός αντιτύπου | Κατάσταση απόσυρσης | Κατάσταση χαμένου | Κατάσταση κατεστραμμένου | Μη δανεισμός | Σύνολο δανεισμών | Ημερομηνία τελευταίας εμφάνισης | Η τιμή ισχύει από |
|---|---|---|---|---|---|---|---|---|---|---|---|---|---|---|
| Books | MC Athens Campus Library | MC Athens Campus Library | 9780000057440 | 7255 | 05/06/2025 | 332.1/0973 MAY | 1 | 05/06/2025 | 05/06/2025 |